Milk and honey / (رقم التسجيلة. 138670)

تفاصيل مارك
000 -الفاتح
عناصر البيانات ثابتة الطول 00462cam a2200169 i 4500
005 - تاريخ ووقت آخر معاملة
حقل ضبط 20260308125644.0
008 - عناصر البيانات ثابتة الطول
عناصر البيانات ثابتة الطول 250721s2015 xxu gr 000 0 eng d
020 ## - الترقيم الدولي المعياري للكتب (ردمك)
الترقيم الدولي المعياري للكتب (ردمك) 9781449474256
082 14 - رقم تصنيف ديوي العشري
رقم التصنيف 821
رقم المادة K A U
100 1# - مدخل رئيسي – اسم شخصي
الاسم الشخصي kaur, rupi
علاقة الشخص بالعمل/ دوره author.
245 10 - بيان العنوان
العنوان Milk and honey /
بيان المسؤولية rupi kaur.
264 ## - بيانات النشر، التوزيع…إلخ
مكان النشر، التوزيع...إلخ kansas city :
اسم الناشر، الموزع...إلخ Andrews McMeel publishing,
تاريخ النشر، التوزيع...إلخ 2015.
300 ## - الوصف المادي
عدد الوحدات المكونة للوعاء 204 Pages.
650 17 - مدخل إضافي بالموضوع - مصطلح موضوعي
مصطلح موضوعي أو اسم جغرافي كعنصر مدخل English poetry.
942 ## - بيانات إضافية (كوها)
نوع التنصيف Dewey Decimal Classification
نوع المادة (كوها) كتب
المقتنيات
حالة السحب حالة الفقدان مصدر التصنيف حالة التلف غير قابل للإعارة المكتبة الرئيسية المكتبة الحالية موقع الرف تاريخ التزويد رقم المخزون Total Checkouts رقم الإستدعاء الباركود تاريخ آخر ظهور تاريخ الفاتورة نوع المادة (كوها)
    Dewey Decimal Classification     المكتبة المركزية المكتبة المركزية الإعارة 28/07/2025 1692329   821 / K A U PLD00437862 28/07/2025 28/07/2025 كتب
    Dewey Decimal Classification     مكتبة حمزة العامة مكتبة حمزة العامة الإعارة 05/03/2019 1692330   821/KAU PLD00446410 28/07/2025 05/03/2019 كتب
Implemented & Customized by: BBB with SCIT (Smart Chains for Information Technology)

Powered by Koha